1715 1753 1404 1929 1219 1642 1505 1516 1794 1581 1663 1935 1319 1269 1446 1948 1677 1952 1796 1343 1838 1660 1532 1740 1568 1298 1829 1766 1121 1225 1160 1729 1874 1919 1562 1683 1245 1743 1517 1104 1802 1317 1636 1778 1117 1324 1176 1114 1735 1719 1294 1696 1744 1317 1921 1347 1824 1353 1747 1216 1134 1141 1594 1361 1289 1626 1482 1123 1760 1488 1863 1402 1499 1146 1887 1110 1903 1332 1508 1826 1774 1382 1773 1482 1947 1213 1804 1495 1372 1549 1003 1279 1911 1404 1304 1216 1682 1333 1104 BCNSPRNW ULIB Ver.6.0+V

เปลี่ยนเป็นภาษาไทย

Change to English
 แสดงรายละเอียดบรรณานุกรม
  กลับหน้าหลัก

Brief Record : Get Marc (ISO 2709) : E-mail record : QR code < ปิดหน้าต่าง
LEADER : 00000nam a2200205Ia 4500
001    13399114920
003     ULIB
008    120605s2550 th 000 0 tha d
020    ^a9789740326908
050  4 ^aLB2806.15^bพ721ก
100 0  ^aพิมพันธ์ เดชะคุปต์
245 10 ^aกระบวนการออกแบบย้อนกลับ :^bการพัฒนาหลักสูตรและออกแบบการสอนอิงมาตรฐาน /^cโดย พิมพันธ์ เตชะคุปต์, พเยาว์ ยินดีสุข
260    ^aกรุงเทพฯ :^bโรงพิมพ์แห่งจุฬาลงกรณ์มหาวิทยาลัย,^c[2550]
300    ^a115 หน้า
650  4 ^aการศึกษา^xหลักสูตร
650  4 ^aการเรียนรู้
650  4 ^aการวางแผนหลักสูตร
650  4 ^aระบบการเรียนการสอน^xการออกแบบ
700 0  ^aพเยาว์ ยินดีสุข
945    ^p95^l0^i032124
995    ^a เกษร
999 ^a ใช้งานได้ทุกระบบ
รายการนี้ยังไม่มีแท็ก
คุณยังไม่ได้ล็อกอิน คุณสามารถมีกิจกรรมร่วมกับเว็บไซต์ได้ แต่ต้องล็อกอินก่อน ::
  ล็อกอิน

รายการสื่อสารสนเทศ

ลำดับที่ ประเภท เลขเรียก/บาร์โค้ด สถานที่ สถานะ
- ไม่พบข้อมูล -

รายการใกล้เคียง
    ผู้แต่ง [พิมพันธ์ เดชะคุปต์]

    หัวเรื่อง [การเรียนรู้]
    หัวเรื่อง [การวางแผนหลักสูตร]

BibComment


ยังไม่เคยถูกคอมเมนท์

คอมเมนท์ทรัพยากรรายการนี้
  คอมเมนท์: กระบวนการออกแบบย..


 Copyright 2026. Bcnsprnw @Library